Theory and practice of development banking: a study in the Asian context (Record no. 359110)

000 -LEADER
fixed length control field 00367cam a22001217a 4500
008 - FIXED-LENGTH DATA ELEMENTS--GENERAL INFORMATION
fixed length control field 180718b1965 xxu||||| |||| 00| 0 eng d
082 ## - DEWEY DECIMAL CLASSIFICATION NUMBER
Classification number T47x54 B299
100 ## - MAIN ENTRY--PERSONAL NAME
Personal name Basu, S.K.
245 ## - TITLE STATEMENT
Title Theory and practice of development banking: a study in the Asian context
Statement of responsibility, etc. by S.K. Basu
260 ## - PUBLICATION, DISTRIBUTION, ETC.
Place of publication, distribution, etc. Bombay
Name of publisher, distributor, etc. Asia
Date of publication, distribution, etc. 1965
300 ## - PHYSICAL DESCRIPTION
Extent 235p.
650 ## - SUBJECT ADDED ENTRY--TOPICAL TERM
Topical term or geographic name entry element Investment Banking - India
Holdings
Withdrawn status Lost status Damaged status Not for loan Permanent Location Current Location Date acquired Full call number Barcode Date last seen Price effective from Koha item type
        Indian Institute of Public Administration Indian Institute of Public Administration 1994-02-05 T47x54 B299 38487 2018-07-21 2018-07-21 Book

Powered by Koha